01013nam a2200253 a 4500999001500000001000500015003000900020005001700029008004100046020001500087040002800102082002000130245009000150260006100240300004600301504005100347650003400398650003600432700002200468700002100490942001200511952011800523952011800641 c3737d37378439BD-DhUAP20200311125052.0200311r19961994ii a b 001 0 eng d a817023526X aDLCcDLCdBD-DhUAPbEng00223a621.382 WIR10aWireless and mobile communications /cEdited by Jack M. Holtzman and David J. Godman. aNew Delhi :bAllied Publishers,cc1994 [Reprinted 1996]. axii, 286 pages :billustrations ;c25 cm. aIncludes bibliographical references and index. 0aMobile communication systems. 0aWireless communication systems. aHoltzman, Jack M. aGodman, David J. 2ddccBK 00102ddc4070aUAPCLbUAPCLcGeneral Stacksd2020-03-11o621.382 WIRp3010008439r2020-03-11t1w2020-03-11yBK 00102ddc4070aUAPCLbUAPCLcGeneral Stacksd2020-03-11o621.382 WIRp3010008440r2020-03-11t2w2020-03-11yBK